000 00310nam a2200133Ia 4500
005 20260328104321.0
008 260328s9999||||xx |||||||||||||| ||und||
100 _aPoole, Scott
245 0 _aFINNISH Architecture /
_cScott Poole
260 _bRizzoli
300 _a222 p.
650 _aFINLANDIA
942 _cBK
999 _c11362
_d11362